12球団ポジション別最古参選手(2026) - Statistics

General Stats
  • This quiz has been taken 35 times
  • The average score is 39 of 51
Answer Stats
球団 ポジション 入団 選手名 % Correct
巨人 内野手 2007 坂本勇人
100%
阪神 捕手 2014 梅野隆太郎
97%
ヤクルト 投手 2002 石川雅規
97%
ヤクルト 捕手 2009 中村悠平
97%
ソフトバンク 内野手 2008 中村晃
97%
西武 内野手 2002 中村剛也
97%
ロッテ 内野手 2015 中村奨吾
97%
ヤクルト 内野手 2011 山田哲人
94%
ソフトバンク 外野手 2011 柳田悠岐
94%
巨人 捕手 2014 小林誠司
91%
中日 外野手 2010 大島洋平
91%
オリックス 投手 2006 平野佳寿
91%
西武 捕手 2006 炭谷銀仁朗
91%
広島 捕手 2007 會澤翼
88%
日本ハム 投手 2008 宮西尚生
88%
西武 外野手 2002 栗山巧
88%
ロッテ 捕手 2013 田村龍弘
88%
阪神 投手 2014 岩崎優
84%
ヤクルト 外野手 2018 塩見泰隆
84%
日本ハム 外野手 2011 西川遥輝
84%
オリックス 捕手 2014 若月健矢
84%
阪神 投手 2014 岩貞祐太
81%
DeNA 捕手 2016 戸柱恭孝
81%
日本ハム 内野手 2009 中島卓也
81%
ロッテ 外野手 2007 角中勝也
81%
中日 投手 2011 大野雄大
78%
中日 内野手 2012 高橋周平
78%
DeNA 内野手 2013 宮﨑敏郎
75%
広島 外野手 2015 野間峻祥
75%
ソフトバンク 投手 2013 東浜巨
75%
日本ハム 捕手 2015 清水優心
72%
楽天 外野手 2017 田中和基
72%
DeNA 投手 2015 山﨑康晃
69%
巨人 外野手 2019 丸佳浩
69%
広島 内野手 2010 堂林翔太
69%
ソフトバンク 捕手 2016 谷川原健太
69%
オリックス 外野手 2016 杉本裕太郎
69%
西武 投手 2015 髙橋光成
69%
中日 捕手 2015 加藤匠馬
66%
オリックス 内野手 2015 西野真弘
66%
DeNA 投手 2015 石田健大
63%
巨人 投手 2016 中川皓太
63%
ロッテ 投手 2008 唐川侑己
63%
阪神 内野手 2015 植田海
56%
阪神 外野手 2018 島田海吏
56%
楽天 捕手 2016 堀内謙伍
56%
DeNA 外野手 2014 関根大気
53%
広島 投手 2011 中﨑翔太
53%
オリックス 内野手 2015 宗佑磨
53%
楽天 投手 2009 辛島航
53%
楽天 内野手 2016 村林一輝
53%
No matching quizzes found
Score Distribution
Percent of People with Each Score
Percentile by Number Answered
Your Score History
You have not taken this quiz